| 000 | 00505nam a2200205 a 4500 | ||
|---|---|---|---|
| 005 | 20210219153248.0 | ||
| 008 | 991125n 000 0 u | ||
| 035 | _aUPN01000086743 | ||
| 100 | _aWeir, Beth | ||
| 222 | _aREADING HORIZONS | ||
| 245 | _aMaking wordsmiths | ||
| 300 | _a7-20 | ||
| 362 | _a32, No. 1, 1991 | ||
| 505 | _aMarzo 1992 | ||
| 653 | 0 | _aDESARROLLO DE VOCABULARIO | |
| 653 | 0 | _aTECNICAS DE ENSE\197ANZA | |
| 653 | 0 | _aVOCABULARIO | |
| 904 |
_aAC _b024554 |
||
| 905 | _aArticulo | ||
| 999 |
_c72405 _d72405 |
||